Kansas State Head Football Coaches by Picture - Statistics

General Stats
  • This quiz has been taken 10 times
  • The average score is 3 of 27
Answer Stats
Picture Hint Answer % Correct
1989-2005 | 2009-2018 Bill Snyder
100%
2019-Present Chris Klieman
75%
2006-2008 Ron Prince
38%
1975-1977 Ellis Rainsberger
13%
1978-1985 Jim Dickey
13%
1934 Pappy Waldorf
13%
1986-1988 Stan Parrish
13%
1967-1974 Vince Gibson
13%
1951-1954 Bill Meek
0%
1928-1933 Bo McMillin
0%
1955-1959 Bus Mertes
0%
1920-1927 Charlie Bachman
0%
1902 Cyrus E. Dietz
0%
1960-1966 Doug Weaver
0%
1900 Fay Moulton
0%
1903 G. O. Dietz
0%
1911-1914 Guy Lowman
0%
1940-1941 | 1946 Hobbs Adams
0%
1915 John R. Bender
0%
1945 Lud Fiser
0%
1905-1910 Mike Ahearn
0%
1948-1950 Ralph Graham
0%
1904 Reuben F. Booth
0%
1947 Sam Francis
0%
1942-1944 Ward Haylett
0%
1935-1939 Wesley Fry
0%
1916-1919 Zora G. Clevenger
0%
No matching quizzes found
Score Distribution
Percent of People with Each Score
Percentile by Number Answered
Your Score History
You have not taken this quiz